| 000 | 00749nam a2200253Ia 4500 | ||
|---|---|---|---|
| 003 | OSt | ||
| 005 | 20220918201758.0 | ||
| 006 | a|||||r|||| 00| 0 | ||
| 007 | ta | ||
| 008 | 220917b |||||||| |||| 00| 0 eng d | ||
| 024 | _a96,398 | ||
| 037 | _cTextual | ||
| 040 |
_aARTS _cARTS _beng |
||
| 041 |
_2eng _aeng |
||
| 082 | _aV2:194498.N9, M8 | ||
| 100 |
_aDubey Ravi Kant _9100616 |
||
| 245 | 0 |
_aIndo-Sri Lanka relations _b With special reference to the Tamil problem |
|
| 260 |
_aNew Delhi _bDeep and Deep Publications India _c1989 |
||
| 300 |
_axii, 216p. _ccm. |
||
| 500 | _aBibliography p211; Includes Index | ||
| 650 | _aHISTORY | ||
| 942 |
_hV2:194498.N9, M8 _cTEXL _2CC |
||
| 999 |
_c220009 _d220009 |
||